Générique Fanboy et Chum Chum - Paroles - Statistiques

Statistiques générales
  • Ce quiz a été pris 2 fois
  • Le résultat moyen est 12 sur 16
Statistiques - réponses
Paroles % Correct
Ba-ba-ba-ba-ba-{ba}
100%
Ba-ba-ba-ba-ba-{ba}
100%
Ba-ba, Ba-ba, Ba-ba-ba-ba-ba-{ba}
100%
Ba-ba-ba, Ba-ba-ba, Fanboy et {Chum} {Chum}
100%
Nous c'est Fanboy et {Chum} {Chum}
100%
On s'en fout, c'est bien {fou}
100%
On va jouer et rire avec {toi}
100%
On va jouer et rire avec {toi}
100%
Un peu casse-cou, totalement {fou}
100%
Un titre au gout de Fanboy et {Chum} {Chum}
100%
Bêtises ! {Bêtises} !
50%
On va crier, hurler à pleine {voix}
50%
Viens crier, hurler à pleine {voix}
50%
C'est {parti}
0%
Fanboy, Chum Chum, venez {chanter} avec nous
0%
Y a rien mieux que de super {dessous}
0%
Aucun quiz correspondant
Distribution des résultats
% des personnes avec chaque résultat
Percentile par nombre de réponses
Votre historique - résultats
Vous n’avez pas pris ce quiz